000 00430nam a22001817a 4500
003 MPLRDC
005 20220104142708.0
008 210129b ||||| |||| 00| 0 eng d
020 _a962-950-184-8
082 _a857.7 XMY v.194*
100 _a乔安著
245 _a飘洋过海来嫁你
_c
260 _a
_b星河出版社
_c1998
300 _b
490 _a寻梦园; 194
650 _a
942 _cBK
_o857.7 XMY v.194*
999 _c32959
_d32949